Statistics for 50 States in Alaphabetical Order

Click here to take the quiz!

General Stats

  • This quiz has been taken 918 times
  • The average score is 24 of 50

Answer Stats

HintState% Correct
AAlabama
99%
AAlaska
95%
AArizona
89%
AArkansas
89%
CCalifornia
86%
DDelaware
85%
GGeorgia
84%
FFlorida
83%
CColorado
82%
HHawaii
82%
CConnecticut
78%
IIdaho
73%
IIllinois
73%
KKansas
72%
IIndiana
71%
KKentucky
71%
IIowa
68%
LLouisiana
66%
MMaine
59%
MMaryland
54%
MMassachusetts
47%
MMichigan
43%
MMinnesota
41%
MMontana
35%
NNebraska
35%
MMississippi
34%
MMissouri
33%
NNevada
33%
OOhio
29%
NNew Hampshire
28%
NNew Jersey
27%
NNew Mexico
27%
NNew York
27%
NNorth Carolina
27%
OOklahoma
27%
OOregon
27%
PPennsylvania
27%
NNorth Dakota
26%
RRhode Island
26%
SSouth Carolina
22%
UUtah
22%
VVermont
22%
SSouth Dakota
21%
TTennessee
21%
VVirginia
21%
TTexas
20%
WWashington
20%
WWyoming
19%
WWest Virginia
17%
WWisconsin
15%

Score Distribution

Percentile by Number Answered

Percent of People with Each Score

Your Score History

You have not taken this quiz